Clean and Tidy / (Record no. 197100)

MARC details
000 -LEADER
fixed length control field 00584nam a22001937a 4500
005 - DATE AND TIME OF LATEST TRANSACTION
control field 20230814145726.0
010 ## - LCCN (DPL NO)
LC control number B-755568
020 ## - INTERNATIONAL STANDARD BOOK NUMBER
International Standard Book Number 9788131908730
Terms of availability 75.00
035 ## - SYSTEM CONTROL NUMBER
System control number B-755568
037 ## - SOURCE OF ACQUISITION
Source of stock number/acquisition Jain Publishers (P) Ltd.
082 ## - DEWEY DECIMAL CLASSIFICATION NUMBER
Classification number S
100 ## - MAIN ENTRY--PERSONAL NAME
Personal name Barnett,Stephen
245 ## - TITLE STATEMENT
Title Clean and Tidy /
Statement of responsibility, etc by Stephen Barnett
260 ## - PUBLICATION, DISTRIBUTION, ETC. (IMPRINT)
Place of publication, distribution, etc Noida, U.P.
Name of publisher, distributor, etc Jain Publishers (P) Ltd.
Date of publication, distribution, etc 202?
270 ## - ADDRESS
Address D-157, Sector 63, Noida
City U.P.
Postal code 201307
300 ## - PHYSICAL DESCRIPTION
Extent 32p.
Other physical details col.ill
Dimensions 21cm(pbk)
942 ## - ADDED ENTRY ELEMENTS (KOHA)
Source of classification or shelving scheme Dewey Decimal Classification
Item type Children Books
Call number suffix BAR
Classification part S
Holdings
Withdrawn status Lost status Not for loan Collection code Home library Current library Date acquired Source of acquisition Cost, normal purchase price Full call number Barcode Copy number Cost, replacement price Koha item type
      Fiction Central Library Central Library 14/08/2023 Gift/10.8.23 75.00 S BAR B-755568 1 75.00 Children Books

© Delhi Public Library
Hit Counter
free hit counter